MARC-detaljer
| 000 -LEADER |
| fixed length control field |
03973cam a2200817 a 4500 |
| 001 - CONTROL NUMBER |
| control field |
12341561 |
| 003 - CONTROL NUMBER IDENTIFIER |
| control field |
LIBRIS |
| 005 - DATE AND TIME OF LATEST TRANSACTION |
| control field |
20210312154729.0 |
| 008 - FIXED-LENGTH DATA ELEMENTS--GENERAL INFORMATION |
| fixed length control field |
111101s2012 sw |||||||||||000 0|swe| |
| 020 ## - INTERNATIONAL STANDARD BOOK NUMBER |
| International Standard Book Number |
9789155257743 |
| Qualifying information |
inb. |
| 040 ## - CATALOGING SOURCE |
| Original cataloging agency |
LGEN |
| Modifying agency |
S |
| Description conventions |
a |
| 041 ## - LANGUAGE CODE |
| Language code of text/sound track or separate title |
swe |
| 082 04 - DEWEY DECIMAL CLASSIFICATION NUMBER |
| Classification number |
745.92 |
| Edition number |
23/swe |
| 084 ## - OTHER CLASSIFICATION NUMBER |
| Classification number |
Ih |
| Number source |
kssb/8 (machine generated) |
| 084 ## - OTHER CLASSIFICATION NUMBER |
| Classification number |
Måltidsakademiens biblioteksstiftelse |
| 084 ## - OTHER CLASSIFICATION NUMBER |
| Classification number |
Måltidslitteratur 2012 |
| 084 ## - OTHER CLASSIFICATION NUMBER |
| Classification number |
Kategori: Måltidsutensilier |
| 100 1# - MAIN ENTRY--PERSONAL NAME |
| Personal name |
Mercke Schmidt, Minna, |
| Dates associated with a name |
1968- |
| Authority record control number or standard number |
https://libris.kb.se/97mqw4nt4wd3j9b#it |
| 245 10 - TITLE STATEMENT |
| Title |
Dekorera vackert : |
| Remainder of title |
med kransar, buketter & dukningsdetaljer / |
| Statement of responsibility, etc. |
Minna Mercke Schmidt. |
| 264 #1 - PRODUCTION, PUBLICATION, DISTRIBUTION, MANUFACTURE, AND COPYRIGHT NOTICE |
| Place of production, publication, distribution, manufacture |
Sundbyberg : |
| Name of producer, publisher, distributor, manufacturer |
Semic, |
| Date of production, publication, distribution, manufacture, or copyright notice |
2012 |
| 264 #3 - PRODUCTION, PUBLICATION, DISTRIBUTION, MANUFACTURE, AND COPYRIGHT NOTICE |
| Place of production, publication, distribution, manufacture |
Lettland |
| 300 ## - PHYSICAL DESCRIPTION |
| Extent |
121 s. |
| Other physical details |
ill. |
| Dimensions |
27 cm |
| 340 ## - PHYSICAL MEDIUM |
| Dimensions |
27 cm |
| 541 ## - IMMEDIATE SOURCE OF ACQUISITION NOTE |
| Institution to which field applies |
Gma |
| 541 ## - IMMEDIATE SOURCE OF ACQUISITION NOTE |
| Institution to which field applies |
Og |
| 650 #7 - SUBJECT ADDED ENTRY--TOPICAL TERM |
| Topical term or geographic name entry element |
Blomsterarrangemang |
| Authority record control number or standard number |
https://id.kb.se/term/sao/Blomsterarrangemang |
| Source of heading or term |
sao |
| 650 #7 - SUBJECT ADDED ENTRY--TOPICAL TERM |
| Topical term or geographic name entry element |
Blomsterbinderi |
| Authority record control number or standard number |
https://id.kb.se/term/sao/Blomsterbinderi |
| Source of heading or term |
sao |
| 650 #0 - SUBJECT ADDED ENTRY--TOPICAL TERM |
| Topical term or geographic name entry element |
Flower arrangement |
| 887 ## - NON-MARC INFORMATION FIELD |
| Content of non-MARC field |
{"@id":"1kcd8f6c5gz4ssv","modified":"2016-03-11T08:48:27+01:00","checksum":"39502939406"} |
| Source of data |
librisxl |
| 887 ## - NON-MARC INFORMATION FIELD |
| Content of non-MARC field |
{"@id":"15cw39262v6lxfv","modified":"2013-10-28T19:09:59+01:00","checksum":"45446841473"} |
| Source of data |
librisxl |
| 887 ## - NON-MARC INFORMATION FIELD |
| Content of non-MARC field |
{"@id":"chp3hj1j2r1t2nh","modified":"2012-05-29T16:07:07+02:00","checksum":"41562884621"} |
| Source of data |
librisxl |
| 887 ## - NON-MARC INFORMATION FIELD |
| Content of non-MARC field |
{"@id":"tz5kxt0010xkcm4","modified":"2012-05-29T10:40:41+02:00","checksum":"55974673762"} |
| Source of data |
librisxl |
| 887 ## - NON-MARC INFORMATION FIELD |
| Content of non-MARC field |
{"@id":"lqxbvcvr3wd2vv3","modified":"2012-04-03T10:07:16+02:00","checksum":"48079399962"} |
| Source of data |
librisxl |
| 887 ## - NON-MARC INFORMATION FIELD |
| Content of non-MARC field |
{"@id":"7ck0x6hd0k59h2h","modified":"2012-09-11T11:31:28+02:00","checksum":"43955279108"} |
| Source of data |
librisxl |
| 887 ## - NON-MARC INFORMATION FIELD |
| Content of non-MARC field |
{"@id":"chp5jk8j0mpmcwb","modified":"2012-11-14T08:49:34+01:00","checksum":"41837918552"} |
| Source of data |
librisxl |
| 887 ## - NON-MARC INFORMATION FIELD |
| Content of non-MARC field |
{"@id":"37g8sr385t8tclk","modified":"2015-06-22T10:49:09+02:00","checksum":"39189412191"} |
| Source of data |
librisxl |
| 887 ## - NON-MARC INFORMATION FIELD |
| Content of non-MARC field |
{"@id":"djq3d3zk108z4ls","modified":"2012-03-21T17:13:11+01:00","checksum":"44263303372"} |
| Source of data |
librisxl |
| 887 ## - NON-MARC INFORMATION FIELD |
| Content of non-MARC field |
{"@id":"26dsxsp7055w3pb","modified":"2012-04-27T14:29:26+02:00","checksum":"50436068420"} |
| Source of data |
librisxl |
| 887 ## - NON-MARC INFORMATION FIELD |
| Content of non-MARC field |
{"@id":"hmt6m01n5f49tdv","modified":"2012-03-27T12:59:46+02:00","checksum":"46453438300"} |
| Source of data |
librisxl |
| 887 ## - NON-MARC INFORMATION FIELD |
| Content of non-MARC field |
{"@id":"gls7q1jm32n50dd","modified":"2012-06-20T11:05:35+02:00","checksum":"49415316980"} |
| Source of data |
librisxl |
| 887 ## - NON-MARC INFORMATION FIELD |
| Content of non-MARC field |
{"@id":"fkr5k5tl2ftpbh0","modified":"2012-06-04T12:29:13+02:00","checksum":"44201674285"} |
| Source of data |
librisxl |
| 900 1s - EQUIVALENCE OR CROSS-REFERENCE-PERSONAL NAME [LOCAL, CANADA] |
| Linkage |
100 |
| Dates associated with a name |
1968- |
| Affiliation |
Mercke Schmidt, Minna, |
| Dates associated with a name |
1968- |
| 942 ## - ADDED ENTRY ELEMENTS (KOHA) |
| Source of classification or shelving scheme |
Other/Generic Classification Scheme |
| Koha item type |
Bok |